00933 2200325 4500001002100000005001500021035002000036007000300056040001700059100003500076245010100111250001000212300004000222020002200262041000800284082000800292084001400300090002000314264003300334336002100367337003000388338002300418650001400441700002800455850001000483008004100493504002900534990002200563990002200585INLIS00000000000808420260529081524 a0010-0922000573ta aSBPUPADbind0 aYulius Widi NugrohoePengarang1 aJepret! :bPanduan Fotografi dengan Kamera Digital dan DSLR /cYulius Widi Nugroho; editor, Qoni acet.1 axiii,192 hlm :bilus. ;c20 x 14 cm a978-602-98663-3-907aind a770 a770 YUL j a646 ERI s L21-1 aYogyakarta :bFamilia,c2017 2rdacontentateks 2rdamediaatanpa perantara 2rdacarrieravolume 4aFotografi aEditor, QoniePengarang aPUPAD260529 0  aBibliografi, hlm 187-189 a30.181/B/DPK/2019 a30.182/B/DPK/2019